Nine nobel laureates in English literature / (Record no. 70186)

MARC details
000 -LEADER
fixed length control field 00815nam a22002177a 4500
005 - DATE AND TIME OF LATEST TRANSACTION
control field 20120921114030.0
008 - FIXED-LENGTH DATA ELEMENTS--GENERAL INFORMATION
fixed length control field 120921t xxu||||| |||| 00| 0 eng d
010 ## - LCCN (DPL NO)
LC control number ENG-105924
020 ## - INTERNATIONAL STANDARD BOOK NUMBER
International Standard Book Number 9788184553789
Terms of availability 800.00
035 ## - SYSTEM CONTROL NUMBER
System control number EN-89457
037 ## - SOURCE OF ACQUISITION
Source of stock number/acquisition DBAD/PUB
040 ## - CATALOGING SOURCE
Original cataloging agency DPL
Language of cataloging English
082 ## - DEWEY DECIMAL CLASSIFICATION NUMBER
Classification number 920
100 ## - MAIN ENTRY--PERSONAL NAME
9 (RLIN) 52247
Personal name Shiv Shanker
245 ## - TITLE STATEMENT
Title Nine nobel laureates in English literature /
Statement of responsibility, etc by Shiv Shanker
260 ## - PUBLICATION, DISTRIBUTION, ETC. (IMPRINT)
Place of publication, distribution, etc New Delhi
Name of publisher, distributor, etc Omega Publications
Date of publication, distribution, etc 2012
270 ## - ADDRESS
Address 4378/4B, G-4 JMD House, Murari Lal Street, Ansari Road, Daryaganj
City New Delhi
Postal code 110002
Electronic mail address omega_publications@yahoo.com
300 ## - PHYSICAL DESCRIPTION
Extent 261p.
Dimensions 22cm(Hb)
942 ## - ADDED ENTRY ELEMENTS (KOHA)
Source of classification or shelving scheme Dewey Decimal Classification
Item type English Books
Call number suffix SHI
Classification part 920
Holdings
Withdrawn status Lost status Source of classification or shelving scheme Damaged status Not for loan Collection code Home library Current library Date acquired Source of acquisition Cost, normal purchase price Total Checkouts Full call number Barcode Date last seen Copy number Cost, replacement price Koha item type
    Dewey Decimal Classification   Not For Loan Non-fiction D.B.Act.Division D.B.Act.Division 21/09/2012 DBAD / PUB 800.00   920 SHI EN-89457 21/09/2012 1 800.00 English Books

© Delhi Public Library
Hit Counter
free hit counter